00828nam a2200181 a 450000100100000000500170001000800410002702000180006804000250008611000500011124500380016126000680019930000350026795201110030295201050041395201110051899900170062900003836420201002031235.0130409s1998 dr ac 000 0 spa d a9789945486254 aDO-SdBNPbspacBNPHU2 aConsejo Nacional de Reforma del Estado91003810aInforme de gestión 2004-2012 /. aSanto Domingo :bConsejo Nacional de Reforma del Estado,c1998. a83 p. :bil., retrs. ;c26 cm. 0010718DSaGRbGRcCTd2013-04-23iLF1l0o p38364-30r2020-06-25te. 3w2020-06-25yLFDSZNo se presta 0010718PDaPDbPDcCTd2013-04-09iLF1l0o p38364-10r2020-06-25w2020-06-25yLFPDZNo se presta 0010718PDaPDbPDcCTd2013-04-23iLF1l0o p38364-20r2020-06-25te. 2w2020-06-25yLFPDZNo se presta c37854d37854